[Event "Villa Gesell"]
[Site "Villa Gesell"]
[Date "1996.??.??"]
[Round "11"]
[White "Sorokin, Maxim"]
[Black "Rodriguez Vila, Andres"]
[Result "1-0"]
[WhiteElo "2560"]
[BlackElo "2575"]
[Annotator "Dautov,R"]
[PlyCount "113"]
[EventDate "1996.03.??"]
[EventType "tourn"]
[EventRounds "11"]
[EventCountry "ARG"]
[EventCategory "11"]
[SourceTitle "CBM 052"]
[Source "ChessBase"]
[SourceDate "1996.06.01"]
[SourceVersion "1"]
[SourceVersionDate "1996.06.01"]
[SourceQuality "1"]

1. d4 {Hecht} f5 2. g3 Nf6 3. Bg2 g6 4. Nf3 Bg7 5. O-O O-O 6. b3 d6 7. Bb2 Ng4
8. Nbd2 (8. c4 Nd7 9. Nc3 e5 10. dxe5 dxe5 11. e4 Nh6 $13) (8. Qc1 Qe8 9. d5
Nf6 10. c4 c6 11. Nc3 Na6 12. Rb1 Bd7 13. Ba1 Nc7 14. Rd1 h6 15. dxc6 Bxc6 16.
a4 g5 17. Nd5 Bxd5 18. cxd5 Rc8 19. Qe3 b6 20. Bxf6 Bxf6 21. Qd3 Bg7 22. Rbc1
Qd7 23. Rc2 Na6 24. Rxc8 Qxc8 25. Nd2 {1/2-1/2 Csom,I-Dao Thien Hai/Budapest
ExpFS SepGM (09) 1993}) 8... Nc6 9. e4 {N} (9. Nc4) 9... f4 10. Nc4 (10. h3 Nh6
11. g4 e5 12. dxe5 dxe5 13. Nc4 Nf7 $13) 10... fxg3 11. hxg3 (11. fxg3 $5 {/\}
b5 $6 12. Qe2 $1 Rxf3 (12... Kh8 13. Ncd2 $16) 13. Bxf3 Nxd4 14. Qd1 Nxf3+ 15.
Qxf3 $16) 11... e5 12. dxe5 dxe5 (12... Ncxe5 13. Nfxe5 Nxe5 14. Nxe5 (14. Qd5+
Nf7 15. Bxg7 Kxg7 16. f4 Qe7 17. Rae1 $14) 14... dxe5 15. Qd5+ Qxd5 16. exd5
Bf5 17. c4 $14) 13. Qd5+ Kh8 14. Qxd8 $1 (14. Rad1 Qe8 $10 {/\Be6}) 14... Rxd8
15. Rad1 $14 Re8 (15... Be6 16. Ng5 Bg8 (16... Bxc4 $2 17. bxc4 Kg8 18. Ne6 $16
) 17. Bh3 h5 18. f3 Bxc4 (18... Bh6 19. Bc1 Nf6 20. Nf7+ Bxf7 21. Bxh6 Bxc4 22.
bxc4 $14) 19. bxc4 Ne3 20. Nf7+ Kh7 21. Nxd8 Nxd1 22. Nxc6 Nxb2 23. Rb1 bxc6
24. Rxb2 $14) 16. Nh2 $1 {Schwarz hat seinen schwachen Bauern e5 gut gedeckt,
und es ist Zeit, den direkten Druck auf ihn aufzugeben. Weiß plant nun die
Überführung seines Nc4 auf d5.} (16. Bh3 $2 Nxf2) (16. Ng5 Kg8 17. f3 b5 $1 $10
) 16... Kg8 (16... Nf6 17. Ne3 Be6 18. Nd5 $14) 17. Nxg4 Bxg4 18. f3 Be6 19.
Ne3 Rad8 20. Kh2 $1 (20. Nd5 $2 Bxd5 21. exd5 Nd4 22. c4 Nf5 23. Kf2 Bf8 $1 $17
{/\Bc5}) 20... Bh6 $2 {Schwarz unterschätzt die Gefahren des bevorstehenden
Endspiels. Die passive Verteidigung mit 20...Ne7 war vorzuziehen.} (20... Ne7
$1 21. Bh3 Kf7 $14) 21. Nd5 Bxd5 22. exd5 Nb4 23. c4 Nc2 24. Rf2 Ne3 25. Re1 e4
26. Rfe2 Nxg2 27. Kxg2 exf3+ 28. Kxf3 Rxe2 (28... Rf8+ 29. Kg4 Rd7 30. Ba3 Rfd8
31. Re8+ Rxe8 32. Rxe8+ Kf7 33. Rh8 $16) 29. Rxe2 Rf8+ (29... Bg5 30. Kg4 h6
31. Be5 (31. Re6 Kf7 32. Kf3 c6 33. Ke4 cxd5+ 34. cxd5 Rc8 $132) 31... Rd7 (
31... Re8 32. Kf3 Re7 33. c5 Kf7 34. d6 cxd6 35. cxd6 Rd7 36. Ke4 Ke6 37. Kd4
$16) 32. Kf3 $14 {/\Ke4,c5}) 30. Kg2 Rf7 {Trotz des begrenzten Materials ist
die schwarze Stellung bedenklich. Der schwarze König ist vom Damenflügel
abgeschnitten, stünde er z. B auf d7, wäre die Stellung völlig ausgeglichen.} (
30... Bg7 $2 31. Ba3 Rf7 32. Re8+ Bf8 33. Rc8 $18) 31. Re8+ Rf8 32. Re7 Rf7 33.
Re8+ Rf8 34. Re6 $1 Rf7 35. Be5 $1 {/\Re8} Kf8 36. b4 {Nach der
Zentralisierung der Figuren rückt endlich die weiße Bauernmasse vor.} Bd2 $6 {
Vernunftiger wäre es, die a-Bauern abzutauschen.} (36... a6 37. a4 (37. c5 Rd7
38. d6 cxd6 39. Bxd6+ Kf7 40. Re2 Bg5 41. Kf3 Be7 $10) 37... Bd2 38. b5 axb5
39. axb5 Bb4 40. Bf4 $14) 37. b5 Bb4 38. Bf4 $1 $16 {Unter der Deckung des
Läufers wird sich der weiße König ins Zenrum begeben können.} Rd7 (38... Bc5 $4
39. Bh6+ Kg8 40. Re8+ Bf8 41. Rc8 $18) (38... Kg7 39. Be3 b6 40. Bf4 Rd7 41.
Kf3 $16) 39. a4 Kf7 40. Kf3 Bd6 41. a5 b6 42. a6 Bxf4 (42... Kf8 43. Kg4 Be7
44. Be5 Kf7 45. Kf4 Bd6 46. g4 Be7 47. Rc6 Bd6 48. g5 Kf8 49. Bxd6+ cxd6 50.
Rc8+ Kg7 51. Rb8 Rf7+ 52. Kg4 h5+ 53. gxh6+ Kxh6 54. Rb7 Kg7 55. Kg5 $18) 43.
Kxf4 Rd6 (43... Re7 44. Rc6 $1 (44. Ke5 $2 h5 45. Rxe7+ Kxe7 46. Kf4 Kf6 (46...
Kd6 $2 47. Kg5 Kc5 48. Kxg6 Kxc4 49. Kxh5 $18) 47. c5 g5+ 48. Ke4 Ke7 $1 (48...
bxc5 $2 49. d6 $18) 49. d6+ Kd7 50. dxc7 Kxc7 51. c6 h4 52. gxh4 gxh4 53. Kf4
h3 54. Kg3 h2 55. Kxh2 Kc8 56. Kg3 Kc7 57. Kf4 Kc8 58. Ke5 Kc7 59. Kd5 Kc8 60.
Kd6 Kd8 $10) 44... Rd7 45. Ke5 Re7+ 46. Kd4 h5 47. c5 bxc5+ 48. Kxc5 Kg7 (48...
g5 49. Rh6 $18) 49. d6 cxd6+ 50. Kxd6 Kf6 51. Rc7 Re6+ 52. Kc5 Re5+ 53. Kb4
Re4+ 54. Ka5 $18) 44. Ke5 Rxe6+ (44... Rd7 45. d6 cxd6+ 46. Rxd6 Rc7 (46... Ke7
47. Rxd7+ Kxd7 48. c5 Kc7 49. c6 $18) 47. Rd8 $1 {/\Rb8-b7} Re7+ 48. Kd5 Kf6
49. Rb8 h5 50. Rb7 $18) 45. dxe6+ {Hecht: B-B: entfernter schwarzer Freibauer
vs schwarze B-Schwäche a7, K-Einmarsch, Tempofrage, ab Zug 53 D+2 vs D bei
schlechter schwarzer K-Position} Ke7 46. Kd5 $18 h5 47. Kc6 g5 (47... Kd8 48.
Kb7 g5 49. Kxa7 h4 50. gxh4 gxh4 51. Kb7 h3 52. a7 h2 53. a8=Q+ $18) 48. Kxc7
h4 49. gxh4 gxh4 50. c5 (50. Kb7 {Hecht} h3 51. Kxa7 h2 52. Kb8 h1=Q 53. a7 $10
) 50... h3 (50... bxc5 {Hecht} 51. b6 h3 52. bxa7 h2 53. a8=Q $18) 51. cxb6 h2
52. b7 h1=Q 53. b8=Q Qd5 (53... Qg1 54. Qb7 (54. Qb7 Kxe6 55. Qc6+ Ke5 56. Kb7
Kf5 57. b6 axb6 58. a7 Qg7+ 59. Kxb6 $18) (54. Kb7 Kxe6 55. Qxa7 $2 Qg2+ $1 56.
Kb8 Qg8+ 57. Kc7 Qg7+ 58. Kb6 Qg1+ 59. Kb7 Qg2+ $10)) 54. Qc8 Qe5+ 55. Kb7
Qxb5+ 56. Kxa7 Kf6 (56... Qe2 57. Qd7+ Kf6 58. e7 Qe3+ 59. Kb7 Qb3+ 60. Kc7 $18
) 57. e7 1-0

[Event "Petrov Memorial op"]
[Site "St Petersburg"]
[Date "1996.??.??"]
[Round "9"]
[White "Nepomnishay, Mikhail I"]
[Black "Vyzmanavin, Alexey"]
[Result "1-0"]
[WhiteElo "2470"]
[BlackElo "2610"]
[Annotator "Dautov,R"]
[PlyCount "81"]
[EventDate "1996.02.??"]
[EventType "swiss"]
[EventRounds "9"]
[EventCountry "RUS"]
[SourceTitle "CBM 052"]
[Source "ChessBase"]
[SourceDate "1996.06.01"]
[SourceVersion "1"]
[SourceVersionDate "1996.06.01"]
[SourceQuality "1"]

1. d4 f5 2. Nf3 Nf6 3. g3 g6 4. b3 Bg7 5. Bb2 O-O 6. Bg2 d6 7. O-O Ng4 8. Nbd2
(8. h3 Nh6 9. Nc3 f4 10. gxf4 Rxf4 11. e4 Nc6 12. Bc1 Rf8 13. Qd3 Nf7 14. Be3
e5 15. d5 Ne7 16. Qd2 h6 17. Ne2 g5 $17 {Timoshenko,G-Vyzmanavin,A/St.
Petersburg op-Petrov (07) ;CBM 52 /1996}) (8. Nc3 $5 Nc6 9. d5 Nce5 10. Nxe5
Nxe5 11. Qd2 c5 (11... Bd7 $5) 12. dxc6 bxc6 13. Na4 Bd7 14. c4 Rb8 15. c5 $14
{Savon,V-Vyzmanavin,A/St.Petersburg op-Petrov (01) ;CBM 52 1996}) 8... f4 {N} (
8... Nc6 9. Nc4 d5 10. Ncd2 e5 11. h3 e4 12. hxg4 exf3 13. Nxf3 fxg4 14. Ne5
Nxe5 15. dxe5 c6 16. f4 gxf3 17. exf3 $14 {Lautier,J-Bareev,E/Muenchen 1993})
9. h3 Nh6 10. g4 Nf7 11. e3 fxe3 12. fxe3 e5 13. c4 (13. dxe5 Nc6 (13... dxe5
14. Ne4 $14) 14. Nc4 Be6 (14... Ncxe5 $2 15. Nfxe5 Nxe5 16. Nxe5 dxe5 17. Qd5+
$16) (14... d5 $2 15. Na3 Re8 16. c4 $16) 15. Nd4 (15. exd6 $2 Bxc4 16. Bxg7
Bxf1 17. Bxf8 Bxg2 $19) 15... Bxc4 16. Nxc6 bxc6 17. bxc4 Qd7 $10) 13... exd4
14. exd4 Nc6 15. Ne4 $14 Ne7 (15... d5 $2 16. cxd5 Qxd5 17. Ne5 $36) 16. Qd3 c6
(16... d5 17. Nc3 $1 $14 (17. Ng3 c5 $10) (17. cxd5 Nxd5 18. Ne5 c6 $10 (18...
Nf4 19. Rxf4 Bxe5 20. Rf2 $14 {/\Raf1,><f6})) 17... Be6 18. Rae1 Qd7 19. Ba3
Nd6 20. Ne5 $16) 17. Rfe1 d5 18. Nc3 dxc4 19. bxc4 $16 b6 (19... g5 {/\Ng6-f4}
20. Ba3 Re8 21. Qe3 $16) 20. Qc2 $2 (20. Ba3 $1 Re8 (20... Nd6 21. Ne4 $16) (
20... c5 21. Rad1 $16) 21. Rad1 Ba6 22. Qe3 $1 Bf8 (22... Kf8 23. Qe6 Qc7 24.
Rf1 Bc8 25. Ng5 $18) 23. Ne4 Bg7 24. Neg5 $18) 20... Ba6 21. Qa4 Bb7 22. Re2 g5
$1 23. Rd1 Ng6 24. Bc1 Nf4 (24... h6 25. Re6 $16) 25. Bxf4 gxf4 26. Ne4 c5 $2 (
26... Re8 $142 $14 {/\Qd7}) 27. d5 $1 (27. dxc5 Qc7 $1 (27... Qc8 28. cxb6 axb6
29. Qb3 Bxe4 (29... Re8 30. Rde1 $16) (29... Qc7 30. Nd4 $16) 30. Rxe4 Qc5+ 31.
Kh1 Ra3 32. Qb1 Nd6 33. Re6 Nxc4 34. Rd7 $16 {/\Rh6}) 28. cxb6 (28. Rd7 Qc6 29.
Qxc6 Bxc6 30. Rc7 Rfc8 31. Rxc8+ Rxc8 32. cxb6 axb6 $44) 28... axb6 29. Qb3
Rfc8 $44) 27... Bc8 (27... Qc7 $2 28. Neg5 {><e6} Nxg5 29. Nxg5 Bd4+ 30. Kh1
Bc8 $2 31. d6 $18) 28. Qc2 h5 $5 29. Nf2 $1 {<->e} (29. gxh5 Bf5 30. Qd2 Nd6
31. Nxd6 Qxd6 32. Rde1 Qh6 $132) 29... Nd6 30. Rde1 {/\Re7} Qf6 (30... Ba6 $2
31. Re7 Rf7 32. Rxf7 Kxf7 33. gxh5 $40) (30... a6 31. Re7 hxg4 32. hxg4 Rf7 33.
Rxf7 Kxf7 (33... Nxf7 34. Qe4 Qd6 35. Qe8+ Bf8 36. Ne5 Nxe5 37. Rxe5 $18) 34.
Qh7 $16) 31. Re7 hxg4 $2 (31... Rf7 {>=} 32. Rxf7 Nxf7 (32... Qxf7 33. Ng5 $18)
(32... Kxf7 33. Ne4 Nxe4 34. Qxe4 Bd7 35. d6 Rd8 36. Qd5+ $16) 33. Re8+ Bf8 34.
Qe2 $5 Nd6 35. Re5 hxg4 36. Nxg4 Bxg4 37. hxg4 $16) 32. Nxg4 $1 Bxg4 (32... Qf5
33. Rxg7+ $1 Kxg7 34. Qb2+ Kh7 35. Re7+ Nf7 (35... Rf7 36. Re5 Qg6 37. Ng5+ Kg8
38. Nxf7 Kxf7 39. Re6 $18) 36. Nfe5 f3 37. Bxf3 Qf4 38. Nxf7 Rxf7 39. Nf6+ $18)
33. hxg4 Rae8 34. R7e6 Rxe6 35. Rxe6 Qd8 36. Bh3 $18 {->} b5 (36... Re8 37. g5
$18) 37. g5 Nxc4 (37... bxc4 38. Qg6 Qd7 39. Ne5 Qa4 40. Re7 Qd1+ 41. Kh2 Qe2+
42. Bg2 Nf7 43. Nd7 Qxe7 44. Nf6+ $18) 38. Rc6 Re8 39. Qg6 Kf8 40. Be6 Rxe6 41.
Qf5+ 1-0

[Event "Haifa"]
[Site "Haifa"]
[Date "1995.??.??"]
[Round "8"]
[White "Milov, Vadim"]
[Black "Kosashvili, Yona"]
[Result "1/2-1/2"]
[WhiteElo "2580"]
[BlackElo "2560"]
[Annotator "Dautov,R"]
[PlyCount "134"]
[EventDate "1995.01.??"]
[EventType "tourn"]
[EventRounds "11"]
[EventCountry "ISR"]
[EventCategory "14"]
[SourceTitle "CBM 046"]
[Source "ChessBase"]
[SourceDate "1995.06.01"]
[SourceVersion "1"]
[SourceVersionDate "1995.06.01"]
[SourceQuality "1"]

1. d4 {Hecht} f5 2. g3 Nf6 3. Bg2 g6 4. Nf3 Bg7 5. O-O O-O 6. b3 c5 $5 {
Ein interessanter Versuch. Üblicher ist 6...d6.} 7. Bb2 (7. c3 $5 cxd4 8. cxd4
d6 9. Bb2 $13) 7... cxd4 8. Nxd4 d5 $1 {Mit der klaren Absicht, nach e5 ein
starkes Bauernzentrum zu bekommen. Weiß muß nun auf die Schwäche des Feldes e5
spielen.} (8... Na6 9. c4 Nc5 10. Nc3 a6 11. b4 Nce4 12. Nxe4 Nxe4 13. Qc2 Qb6
14. Bxe4 fxe4 15. c5 Qxb4 16. a3 Qa5 17. Nb3 Qa4 18. Bxg7 Kxg7 19. Rad1 Qc6 20.
Qc3+ Rf6 21. f3 d6 22. fxe4 dxc5 23. Qe5 Qe6 $10 {Groszpeter,A-Borngaesser,R/
Dortmund op-A /1992}) 9. Nf3 $1 (9. Nd2 $6 e5 10. N4f3 e4 11. Nd4 Nc6 $10 (
11... e3 $5)) 9... Nc6 10. e3 (10. Nbd2 Re8 (10... Qd6 11. e3 {/\c4} e5 $2 12.
Nc4 $16) (10... Qc7 $6 11. c4 $14) 11. Ne5 (11. c4 $6 d4 12. e3 $2 dxe3 13.
fxe3 Ng4 $17) 11... Ne4 12. Nxc6 bxc6 13. Bxg7 Kxg7 14. Nxe4 fxe4 $10) 10...
Re8 {Schwarz versucht selbstverständlich, e7-e5 durchzusetzen.} (10... Qc7 11.
Nc3 $14) (10... Qd6 11. Nbd2 $14) 11. c4 (11. Ne5 Ne4 12. Nxc6 bxc6 13. Bxg7
Kxg7 $15) 11... dxc4 12. bxc4 (12. Qxd8 Rxd8 13. bxc4 Ne4 14. Bxg7 Kxg7 $15)
12... Qxd1 13. Rxd1 e5 {Das Ziel ist erreicht, und Schwarz hat zumindest
ausgeglichen. Weiß muß vorsichtig sein, da sein Pc4 schwach ist.} 14. Na3 (14.
Nc3 $2 e4 15. Nd4 Ne5 {><c4} 16. Ncb5 $2 Nxc4 17. Nc7 Nxb2 18. Rdb1 Nd3 19.
Nxa8 Nd5 $17 {/\Bxd4,Be6}) 14... a6 15. c5 Nd7 16. Rac1 e4 $10 17. Nd4 Nb4 18.
Bf1 Ne5 19. Nc4 Nbd3 (19... Nxa2 20. Rb1 $1 Kh8 (20... Nb4 21. Nxf5 Bxf5 22.
Bxe5 Bxe5 23. Rxb4 $14) 21. Nxe5 Bxe5 22. Bc4 Nb4 23. Bf7 $1 Rf8 24. Ne6 Bxb2
25. Nxf8 $14) 20. Bxd3 Nxd3 21. Rc2 Bd7 {/\Ba4} 22. Nb6 Rad8 23. Ba1 Bc6 (23...
Be6 24. Rb1 Bf7 25. c6 Bxd4 26. Bxd4 bxc6 27. Rxc6 Bxa2 28. Ra1 $10) 24. Rb1
Ne5 (24... Bf8 25. Nxc6 bxc6 26. Bd4 $10) 25. Nxc6 Nf3+ (25... bxc6 26. Bxe5
Rxe5 27. Na4 $14 {/\Rb6}) 26. Kg2 bxc6 27. Bxg7 Kxg7 28. Nc4 $1 Rd5 29. Na5 $14
Red8 (29... Re6 30. Rcc1 {/\Rb6}) 30. Nxc6 Rc8 (30... Rd1 $2 31. Rcc1 $1) 31.
Nd4 Nxd4 32. exd4 Rxd4 33. Rb7+ Kf6 34. Rb6+ Ke5 35. Rxa6 Rd5 36. c6 Rc7 37.
Rb6 Ra5 38. Rb7 Kd6 39. Rxc7 Kxc7 40. f3 {Hecht: Die schwarzen Figuren haben
hohe Wirkkraft: der Kc7 ist ein starker Blockeur und der Ra5 ist sehr
beweglich. Die Stellung befindet sich im dynamischen Gleichgewicht.} exf3+ 41.
Kxf3 Ra4 {Weiß kann seinen Mehrbauern nicht zum Gewinn verwerten.} 42. Ke3 Re4+
43. Kd3 Ra4 44. Ke3 Re4+ 45. Kf3 Ra4 46. h4 Ra3+ 47. Kf4 Ra4+ 48. Ke5 Rg4 49.
Rc3 f4 50. gxf4 Rxh4 51. a3 Rh5+ 52. Ke4 Ra5 53. Rh3 Kxc6 54. Rxh7 Kd6 55. Rg7
Ra4+ 56. Kf3 Ke6 57. Rxg6+ Kf5 58. Rg5+ Kf6 59. Kg4 Rxa3 60. Rb5 Ra6 61. Rh5
Kg6 62. f5+ Kg7 63. Kg5 Kg8 64. Rh3 Kf8 65. Rc3 Rb6 66. Rc7 Ra6 67. Rd7 Rb6
1/2-1/2

[Event "Politiken Cup 18th"]
[Site "Copenhagen"]
[Date "1996.??.??"]
[Round "6"]
[White "Tukmakov, Vladimir B"]
[Black "Pedersen, Steffen"]
[Result "1-0"]
[WhiteElo "2595"]
[BlackElo "2405"]
[Annotator "Dautov,R"]
[PlyCount "83"]
[EventDate "1996.06.??"]
[EventType "swiss"]
[EventRounds "11"]
[EventCountry "DEN"]
[SourceTitle "CBM 054"]
[Source "ChessBase"]
[SourceDate "1996.10.01"]
[SourceVersion "1"]
[SourceVersionDate "1996.10.01"]
[SourceQuality "1"]

1. Nf3 f5 2. g3 Nf6 3. Bg2 g6 4. O-O Bg7 5. d4 O-O 6. b3 d6 7. Bb2 Qe8 8. Nbd2
Nc6 9. Re1 h6 10. e4 fxe4 11. Nxe4 Nxe4 12. Rxe4 Bf5 (12... g5 $1 {/\} 13. c4
Qh5 $132) 13. Re3 g5 14. Qd2 (14. h3 $1 Qg6 15. c4 Bf6 16. Qe2 Qg7 17. Ne5 Nd8
18. Ng4 Bxg4 19. Qxg4 c5 20. Rd1 $16 {Van Wely,L-Lukov,V/Krumbach op (04) 1991}
) 14... Qh5 {N} (14... Rd8 15. c4 e5 16. dxe5 dxe5 17. Qe1 Rd3 18. Rxd3 Bxd3
19. Qe3 Bf5 20. Rd1 Qh5 21. Rd2 Re8 $132 {Krechetov-Lastin /Moscow op 1996})
15. c4 Bg4 16. Ne1 Rae8 17. Nc2 Qg6 $2 (17... e5 $5 18. Rae1 (18. Bxc6 $2 bxc6
19. dxe5 dxe5 {/\} 20. Rae1 $2 Rd8 21. Qa5 (21. Rd3 Rxd3 22. Qxd3 e4 $19) 21...
Rxf2 $19) 18... Bf3 (18... exd4 19. Nxd4 $14) 19. Bxf3 Rxf3 20. d5 Ne7 21. Rxf3
Qxf3 22. Qe3 Qxe3 23. Nxe3 $14) (17... Bf3 18. Bxf3 Rxf3 19. Qd1 $5 (19. Qe2
Ref8 20. b4 (20. Rd1 Qf7 $10)) 19... g4 (19... Ref8 $2 20. Ne1 $18) 20. Rxf3
gxf3 21. Ne3 Rf8 22. h4 $14) 18. Rae1 Bf6 19. b4 Nd8 20. b5 $16 {/\Nb4-d5} c6 (
20... e6 21. Nb4 $16 {/\h3,ץg4}) 21. Nb4 (21. Ra3 $5 $16) 21... Bd7 22. bxc6
Bxc6 (22... bxc6 23. Ra3 $18) 23. Nd5 Bxd5 24. Bxd5+ Kh8 25. c5 (25. Ra3 Nc6
26. Bxc6 bxc6 27. Rxa7 Ra8 28. Rxa8 Rxa8 29. d5 $16) 25... Nc6 26. Bxc6 bxc6
27. Re6 Rd8 28. d5 $1 dxc5 (28... cxd5 29. c6 $16 {/\Re7,Qd5}) 29. Rxc6 Qf5 30.
Rxc5 e6 31. Bxf6+ Rxf6 (31... Qxf6 32. Rc6 Rxd5 33. Qe2 Rf5 34. Rxe6 Qg7 35.
Qa6 $16) 32. dxe6 $3 $18 Qxc5 (32... Rxd2 33. Rxf5 Rxf5 34. e7 $18) 33. Qxd8+
Kg7 34. Qd7+ Kg6 35. Qd3+ Kg7 36. Qd7+ Kg6 37. Re2 Qf5 38. Qe8+ Kg7 39. Qe7+
Kg6 40. Qe8+ Kg7 41. Qd7+ Kg6 42. Qc6 1-0

[Event "Leon-B"]
[Site "Leon"]
[Date "1996.??.??"]
[Round "8"]
[White "Izeta Txabarri, Felix"]
[Black "Vallejo Pons, Francisco"]
[Result "1-0"]
[WhiteElo "2470"]
[BlackElo "2355"]
[Annotator "Dautov,R"]
[PlyCount "79"]
[EventDate "1996.06.??"]
[EventType "tourn"]
[EventRounds "9"]
[EventCountry "ESP"]
[EventCategory "9"]
[SourceTitle "CBM 054"]
[Source "ChessBase"]
[SourceDate "1996.10.01"]
[SourceVersion "1"]
[SourceVersionDate "1996.10.01"]
[SourceQuality "1"]

1. d4 f5 2. g3 Nf6 3. Bg2 g6 4. Nh3 Bg7 5. Nf4 d6 6. d5 c6 7. Nc3 g5 (7... e5
8. dxe6 d5 9. h4) (7... O-O 8. h4) (7... cxd5 8. Ncxd5 $14) 8. dxc6 (8. Ne6
Bxe6 9. dxe6 Qc8 10. Bxg5 Qxe6 11. Qd3 Nbd7 12. Bh3 Ng4 13. O-O Nde5 14. Qd1
Qg6 15. Bf4 Qh5 16. Kg2 Ng6 $13 {Izeta,F-Ochoa de Echaguen,F/Pamplona op 1994})
8... Nxc6 9. Nd3 h6 10. e4 fxe4 11. Nxe4 Bf5 12. Nxf6+ Bxf6 13. O-O $14 {N} (
13. h4 Rg8 14. hxg5 hxg5 15. c3 Qa5 16. O-O O-O-O 17. a4 Kb8 18. Be3 Qa6 19.
Nb4 Nxb4 20. cxb4 d5 21. b5 Qd6 22. a5 Bxb2 23. Ra2 Bc3 24. a6 b6 25. Bd4 $44 {
Izeta,F-Illescas Cordoba,M/Pamplona 9596 (09) ;CBM 52 1996}) 13... Qd7 14. Be3
Rc8 $2 (14... O-O-O 15. Re1 h5 (15... Bh3 16. Bh1 $14) 16. Qd2 Rdg8 17. Nb4 $14
) 15. c3 h5 16. f4 $1 g4 (16... gxf4 $2 17. Nxf4 h4 18. Nh5 Be5 19. Qf3 Bg6 20.
g4 $16) 17. Nf2 $1 {/\Ne4} Bg7 18. Re1 O-O 19. Ne4 $16 Rfd8 20. Qb3+ e6 (20...
Be6 21. Qb5 Bf7 22. Ng5 $16) 21. Rad1 {><d6,e6} Qe7 22. Qa3 Bf8 (22... Bxe4 {>=
} 23. Bxe4 d5 24. Bc5 (24. Qxe7 Nxe7 25. Bb1 a6 26. Bd4 Bxd4+ 27. Rxd4 Kf7 $14)
24... Qf7 25. Bg2 $16) 23. c4 $1 {/\c5} b6 24. Qa4 Rc7 25. Bf2 {/\Ng5} Na5 26.
b3 Bh6 27. Nc3 Qf7 (27... Rcd7 28. c5 $1 dxc5 29. Nd5 Qf7 30. Nf6+ $18) (27...
Rcc8 28. Nb5 $16) 28. Nb5 Rcd7 29. Nd4 Kf8 30. Nxf5 Qxf5 31. c5 $1 $18 e5 32.
fxe5 dxc5 (32... dxe5 33. Rxd7 Rxd7 34. cxb6 $18) 33. Rxd7 Qxd7 34. e6 Qe7 35.
Qe4 Kg7 36. b4 (36. Qe5+ Qf6 37. Qxh5 $18) 36... cxb4 37. Bd4+ Rxd4 (37... Kg8
38. Qg6+ Bg7 39. Bxg7 Qxg7 40. e7 $18) 38. Qxd4+ Kg8 39. Qd7 Bg5 40. Rc1 1-0

[Event "Nikolaev zt"]
[Site "Nikolaev"]
[Date "1995.??.??"]
[Round "8"]
[White "Neverov, Valeriy"]
[Black "Malaniuk, Vladimir P"]
[Result "1/2-1/2"]
[WhiteElo "2490"]
[BlackElo "2615"]
[Annotator "Dolmatov,S"]
[PlyCount "79"]
[EventDate "1995.03.??"]
[EventType "swiss"]
[EventRounds "11"]
[EventCountry "UKR"]
[SourceTitle "CBM 047"]
[Source "ChessBase"]
[SourceDate "1995.08.01"]
[SourceVersion "1"]
[SourceVersionDate "1995.08.01"]
[SourceQuality "1"]

1. d4 f5 2. Nf3 Nf6 3. g3 g6 4. b3 Bg7 5. Bb2 d6 6. Bg2 O-O 7. O-O Qe8 (7...
Ne4 8. Nbd2 Nxd2 9. Qxd2 Nd7 $10) (7... c6 8. Nbd2 Nh5 $5 9. e4 f4 $132) 8.
Nbd2 Nc6 9. Re1 h6 10. e4 fxe4 (10... f4 $2 11. e5 $1 $40) 11. Nxe4 Nxe4 12.
Rxe4 g5 13. c3 Qf7 (13... Qg6 14. Re3 e5 15. dxe5 dxe5 16. Nd2 $14) 14. Qd2 (
14. Qe2 $6 Bf5 15. Re3 Bg4 16. Nxg5 (16. h3 Bh5 17. g4 Bg6 $132) 16... Bxe2 17.
Nxf7 Bh5 $17) 14... Bf5 $6 (14... e5 $5 15. dxe5 Nxe5 (15... dxe5 $5) 16. Nxe5
Bxe5 $10) 15. Re3 e5 16. dxe5 dxe5 17. Qe2 $14 Rad8 18. Ba3 $1 (18. Nd2 $2 Bg4
19. Bf3 Rxd2 $17) 18... e4 (18... Rfe8 19. Nd2 Bg4 20. Qxg4 Rxd2 21. Re2 Red8
22. Rae1 $14) 19. Nd2 Bg4 20. Qe1 Qxf2+ $1 $8 21. Qxf2 Rxf2 22. Kxf2 Rxd2+ 23.
Kf1 (23. Kg1 Nd4 $3 (23... Bf3 $6 24. Bxf3 exf3 25. Rxf3 $16) (23... Rd3 $2 24.
Rxe4 Bxc3 25. Rf1 $16) 24. cxd4 $6 Bxd4 25. Rae1 Rd1 $1 $17) 23... Bf3 24. Bxf3
exf3 25. Rxf3 Rxh2 26. Rd1 $2 (26. Re1 $5 Rxa2 27. Re8+ Kh7 28. Bf8 $40) 26...
Rxa2 27. Bc5 Rb2 28. Rd7 (28. b4 b6 29. Bf2 a5 $10) 28... Ne5 $1 29. Rxg7+ Kxg7
30. Bd4 Rxb3 31. Bxe5+ Kg6 $10 32. Bxc7 Kh5 33. Ke2 b5 34. Re3 (34. Kd2 $6 b4
35. Kc2 Rxc3+ 36. Rxc3 bxc3 37. Kxc3 Kg4 $10) 34... Ra3 35. Kd2 Ra4 36. Re6 Rc4
37. Ba5 (37. Bd8 b4 $10) 37... Ra4 38. Bc7 (38. Bb4 a5 39. Bf8 Kg4 40. Bxh6
Ra2+ $10) 38... Rc4 39. Ba5 Ra4 40. Bc7 1/2-1/2